[Event "16.Open Seefeld"]
[Site "Oesterreich / Seefeld"]
[Date "2005.09.17"]
[Round "1"]
[White "Rotstein, Arkadij"]
[Black "Kreusch, Frank"]
[Result "1-0"]
[WhiteElo "2520"]
[BlackElo "2037"]
[PlyCount "105"]
[EventDate "2005.09.17"]

1. e4 d5 2. exd5 Nf6 3. d4 Nxd5 4. c4 Nb6 5. Nc3 e5 6. dxe5 Qxd1+ 7. Kxd1 Nc6
8. Nf3 Be6 9. b3 O-O-O+ 10. Kc2 Bc5 11. Be3 Bxe3 12. fxe3 Rhe8 13. Be2 Nd7 14.
Rad1 Ndxe5 15. Nxe5 Nxe5 16. Rxd8+ Rxd8 17. Rf1 Rd7 18. h3 g6 19. g4 f5 20. g5
c6 21. h4 Kc7 22. Na4 b6 23. Nb2 Rd6 24. Nd3 Nxd3 25. Bxd3 Rd7 26. Kc3 Rf7 27.
b4 Kd6 28. a4 Ke5 29. a5 f4 30. exf4+ Rxf4 31. Rxf4 Kxf4 32. Kd4 Bf5 33. Be2
Be4 34. c5 bxa5 35. bxa5 Bd5 36. Bd1 Kf5 37. Bc2+ Kg4 38. Ke5 Kxh4 39. Kf4 Kh3
40. Bd1 Kg2 41. Bg4 Kf2 42. Bd7 Kg2 43. Ke5 Kg3 44. Kd6 Kf4 45. Bxc6 Bc4 46.
Bd5 Ba6 47. Kc7 Bb5 48. Kb7 a6 49. c6 Kxg5 50. c7 Bd7 51. Kxa6 h5 52. Kb6 Bc8
53. a6 1-0

[Event "16.Open Seefeld"]
[Site "Oesterreich / Seefeld"]
[Date "2005.09.17"]
[Round "1"]
[White "Born, Bernd-Ludger"]
[Black "Antic, Dejan"]
[Result "0-1"]
[WhiteElo "2036"]
[BlackElo "2512"]
[PlyCount "94"]
[EventDate "2005.09.17"]

1. d4 Nf6 2. Nf3 g6 3. g3 Bg7 4. Bg2 c5 5. c3 Qc7 6. O-O O-O 7. Re1 d6 8. e4 e5
9. d5 Nbd7 10. c4 Nb6 11. b3 Bd7 12. Nc3 Rae8 13. h3 Kh8 14. a4 Nc8 15. Ra2 Ng8
16. Nh2 f5 17. f3 Nf6 18. Rf2 Ne7 19. Nf1 a6 20. Bg5 Neg8 21. Qc1 Qc8 22. Kh2
Rf7 23. Rb2 Nh5 24. Bd2 Ref8 25. Bg5 Ngf6 26. exf5 gxf5 27. Rc2 Ng8 28. Rce2
Ne7 29. Qd2 Ng6 30. Qc1 Rg8 31. Rf2 Qf8 32. Bd2 Bf6 33. Ne2 f4 34. Bh1 fxg3+
35. Nfxg3 Nxg3 36. Nxg3 Bh4 37. Rg1 Nf4 38. Bxf4 exf4 39. Ne4 Bxf2 40. Nxf2
Rxg1 41. Qxg1 Qg7 42. Qxg7+ Rxg7 43. Bg2 Bf5 44. a5 Re7 45. Ne4 Bxe4 46. fxe4
Kg7 47. Kg1 Kf6 0-1

[Event "16.Open Seefeld"]
[Site "Oesterreich / Seefeld"]
[Date "2005.09.17"]
[Round "1"]
[White "Levin, Felix"]
[Black "Maurer, Rainer"]
[Result "1-0"]
[WhiteElo "2498"]
[BlackElo "2035"]
[PlyCount "61"]
[EventDate "2005.09.17"]

1. d4 d5 2. c4 e6 3. Nf3 Nf6 4. Nc3 Be7 5. Bf4 O-O 6. e3 a6 7. Qc2 c5 8. dxc5
Bxc5 9. Rd1 Nc6 10. Be2 Qe7 11. a3 Rd8 12. Bg5 h6 13. Bxf6 gxf6 14. cxd5 Ne5
15. Nxe5 fxe5 16. O-O Bd7 17. Bf3 Rac8 18. Qb3 b5 19. dxe6 Bxe6 20. Bd5 Bf5 21.
Rd2 Rd6 22. Ne2 Rcd8 23. Ng3 Bg6 24. Rfd1 Kh7 25. Qc3 R6d7 26. h4 f5 27. h5
Bxh5 28. Nxh5 Qg5 29. Bg8+ Rxg8 30. Rxd7+ Be7 31. Qc6 1-0

[Event "16.Open Seefeld"]
[Site "Oesterreich / Seefeld"]
[Date "2005.09.17"]
[Round "1"]
[White "Flueckiger, Juergen"]
[Black "van der Weide, Karel"]
[Result "0-1"]
[WhiteElo "2034"]
[BlackElo "2482"]
[PlyCount "80"]
[EventDate "2005.09.17"]

1. d4 Nf6 2. c4 c5 3. Nf3 cxd4 4. Nxd4 e5 5. Nc2 d5 6. cxd5 Qxd5 7. Qxd5 Nxd5
8. e4 Nb4 9. Nxb4 Bxb4+ 10. Bd2 Nc6 11. Bb5 Bd7 12. O-O Bxd2 13. Nxd2 Nd4 14.
Bxd7+ Kxd7 15. Rfd1 Ke6 16. Kf1 Rac8 17. Rac1 Rhd8 18. Nb1 Rxc1 19. Rxc1 Nc6
20. Ke2 Nb4 21. Rc7 Nxa2 22. Rxb7 Nc1+ 23. Ke1 Nd3+ 24. Kf1 Nc5 25. Rc7 Nxe4
26. Nc3 Nxc3 27. Rxc3 h5 28. Ra3 Rd7 29. Ke2 Rb7 30. Ke3 Kf5 31. g3 f6 32. Kf3
g5 33. b4 g4+ 34. Kg2 Ke4 35. b5 f5 36. Ra6 f4 37. Ra4+ Kf5 38. gxf4 exf4 39.
Ra5 Kg5 40. b6+ Kh4 0-1

[Event "16.Open Seefeld"]
[Site "Oesterreich / Seefeld"]
[Date "2005.09.17"]
[Round "1"]
[White "Ivanov, Michail"]
[Black "Aigner, Georg"]
[Result "1-0"]
[WhiteElo "2426"]
[BlackElo "2033"]
[PlyCount "31"]
[EventDate "2005.09.17"]

1. Nf3 d5 2. d4 Nf6 3. c4 c6 4. Qc2 e6 5. Bg5 Be7 6. e3 Ne4 7. Bxe7 Qxe7 8. Nc3
f5 9. cxd5 exd5 10. Nxd5 cxd5 11. Qxc8+ Qd8 12. Bb5+ Ke7 13. Qxb7+ Nd7 14. Ne5
Kf6 15. Qc6+ Ke7 16. Qxd7+ 1-0

[Event "16.Open Seefeld"]
[Site "Oesterreich / Seefeld"]
[Date "2005.09.17"]
[Round "1"]
[White "Stock, Juergen"]
[Black "Bronznik, Valeri"]
[Result "0-1"]
[WhiteElo "2031"]
[BlackElo "2390"]
[PlyCount "48"]
[EventDate "2005.09.17"]

1. d4 f5 2. c3 Nf6 3. e3 g6 4. f4 Bg7 5. Nf3 O-O 6. Be2 e6 7. Nbd2 d6 8. Qc2
Nc6 9. e4 fxe4 10. Nxe4 Nxe4 11. Qxe4 e5 12. dxe5 dxe5 13. O-O Bf5 14. Qc4+ Kh8
15. Ng5 Qe7 16. Bf3 Rad8 17. Bxc6 Bd3 18. Qb4 Qxb4 19. cxb4 Bxf1 20. Ne6 bxc6
21. Nxd8 Rxd8 22. Kxf1 Rd1+ 23. Ke2 Rh1 24. b3 exf4 0-1

[Event "16.Open Seefeld"]
[Site "Oesterreich / Seefeld"]
[Date "2005.09.17"]
[Round "1"]
[White "Feige, Manuel"]
[Black "Kuehlmeyer, Klaus"]
[Result "1-0"]
[WhiteElo "2387"]
[BlackElo "2027"]
[PlyCount "59"]
[EventDate "2005.09.17"]

1. d4 Nf6 2. c4 e6 3. Nc3 d5 4. Bg5 Nbd7 5. e3 c6 6. Nf3 Qa5 7. Nd2 dxc4 8.
Bxf6 Nxf6 9. Nxc4 Qd8 10. Be2 Be7 11. O-O O-O 12. Qc2 Qc7 13. Rac1 Bd7 14. e4
Rad8 15. Rfd1 Bc8 16. e5 Ne8 17. Ne4 f5 18. exf6 Nxf6 19. Ne5 Nxe4 20. Qxe4 Bg5
21. Rc4 Rf4 22. Qc2 Bf6 23. g3 Bxe5 24. gxf4 Bxf4 25. h3 Bh2+ 26. Kg2 b5 27.
Rc3 c5 28. dxc5 Rf8 29. c6 b4 30. Rf3 1-0

[Event "16.Open Seefeld"]
[Site "Oesterreich / Seefeld"]
[Date "2005.09.17"]
[Round "1"]
[White "Di Lazzaro, Gabriele"]
[Black "Weinzettl, Ernst"]
[Result "0-1"]
[WhiteElo "2025"]
[BlackElo "2347"]
[PlyCount "70"]
[EventDate "2005.09.17"]

1. e4 e6 2. d4 d5 3. Nd2 Nf6 4. e5 Nfd7 5. Bd3 c5 6. c3 Nc6 7. Ngf3 g6 8. O-O
Bg7 9. Re1 O-O 10. Nf1 cxd4 11. cxd4 f6 12. exf6 Nxf6 13. h3 Nh5 14. Be3 Qb6
15. b3 Bd7 16. Ng5 Nf4 17. Bc2 Bxd4 18. g3 Bxe3 19. Nxe3 Qd4 20. gxf4 Qxf4 21.
Qg4 Qxf2+ 22. Kh1 Ne5 23. Qg2 h6 24. Nf1 Rac8 25. Rxe5 Qxg2+ 26. Kxg2 Rxc2+ 27.
Kg3 hxg5 28. Rxg5 Rcf2 29. Nh2 Kh7 30. a4 d4 31. Rg1 Bc6 32. h4 R2f5 33. Kh3
Rxg5 34. Rxg5 d3 35. Rg1 e5 0-1

[Event "16.Open Seefeld"]
[Site "Oesterreich / Seefeld"]
[Date "2005.09.17"]
[Round "1"]
[White "Rausch, Stephan"]
[Black "Favre, Bruno"]
[Result "1-0"]
[WhiteElo "2337"]
[BlackElo "2019"]
[PlyCount "75"]
[EventDate "2005.09.17"]

1. d4 Nf6 2. Nf3 d6 3. Bg5 Nbd7 4. e3 c6 5. c4 e5 6. Nc3 Be7 7. Be2 O-O 8. O-O
Ne8 9. Bxe7 Qxe7 10. b4 Nc7 11. Qb3 b6 12. Rfd1 Bb7 13. dxe5 dxe5 14. Ne1 Nf6
15. Bf3 Ne6 16. g3 Rfd8 17. Rxd8+ Qxd8 18. Rd1 Qc7 19. a3 Rd8 20. Qa4 Rxd1 21.
Qxd1 Qd7 22. Nd3 Qc7 23. c5 Ba6 24. cxb6 axb6 25. Nb2 Ng5 26. Bg2 Bc8 27. Nc4
Ne8 28. Qh5 h6 29. h4 Nf6 30. Qd1 Ne6 31. Qd6 Qxd6 32. Nxd6 Bd7 33. Nc4 b5 34.
Nxe5 Nd8 35. Ne2 Be8 36. Nd4 Nd5 37. Nexc6 Nxc6 38. Bxd5 1-0

[Event "16.Open Seefeld"]
[Site "Oesterreich / Seefeld"]
[Date "2005.09.17"]
[Round "1"]
[White "Werner, Bernd"]
[Black "Dittmar, Peter"]
[Result "1/2-1/2"]
[WhiteElo "2012"]
[BlackElo "2326"]
[PlyCount "118"]
[EventDate "2005.09.17"]

1. e4 e6 2. d4 d5 3. e5 c5 4. c3 Ne7 5. Nf3 Nec6 6. Bd3 b6 7. O-O Ba6 8. Bxa6
Nxa6 9. Qe2 Nc7 10. Be3 Be7 11. Nbd2 Qd7 12. Rfd1 Na5 13. dxc5 bxc5 14. a3 c4
15. Rab1 O-O 16. b4 cxb3 17. Nxb3 Qa4 18. Nxa5 Qxa5 19. Rb3 Rab8 20. Rdb1 Rxb3
21. Rxb3 Bc5 22. Bxc5 Qxc5 23. Nd4 g6 24. g3 Rc8 25. h4 h5 26. Kg2 Ne8 27. Qd3
Ng7 28. Qb5 Qxb5 29. Nxb5 Rb8 30. Nd4 Rxb3 31. Nxb3 Nf5 32. Nd4 Ne7 33. Kf3 Kf8
34. Ke3 Ke8 35. f3 Kd7 36. g4 Nc8 37. gxh5 gxh5 38. Kf4 Nb6 39. Kg5 Nc4 40.
Kxh5 Nxe5 41. Kg5 Ke7 42. f4 f6+ 43. Kh5 Nd3 44. Nc6+ Kf7 45. Nd8+ Ke7 46. Nc6+
Kf7 47. Nxa7 Nxf4+ 48. Kg4 Nd3 49. Nb5 f5+ 50. Kf3 Nc5 51. Kf4 Kf6 52. Ke3 Na4
53. Kf3 e5 54. Ke3 Kg6 55. Kd3 f4 56. Nc7 Nb6 57. a4 Nxa4 58. Nxd5 Kh5 59. Ke4
Nxc3+ 1/2-1/2

[Event "16.Open Seefeld"]
[Site "Oesterreich / Seefeld"]
[Date "2005.09.17"]
[Round "1"]
[White "Heinig, Wolfram"]
[Black "Osswald, Michael"]
[Result "1-0"]
[WhiteElo "2319"]
[BlackElo "2004"]
[PlyCount "135"]
[EventDate "2005.09.17"]

1. d4 Nf6 2. c4 e6 3. g3 d5 4. Nf3 c6 5. Qc2 Nbd7 6. Bg2 Ne4 7. O-O Be7 8. b3
O-O 9. Ba3 Nd6 10. Nbd2 Qa5 11. Bb2 Nf6 12. Bc3 Qa6 13. Ne5 Rd8 14. Rfe1 Bf8
15. a4 Bd7 16. c5 Nc8 17. e4 b6 18. exd5 exd5 19. b4 Ne7 20. Bf1 Qc8 21. Nxd7
Qxd7 22. Nf3 Ng6 23. Ng5 Qg4 24. Nh3 Nh4 25. Bg2 Nf3+ 26. Bxf3 Qxf3 27. Re3 Qh5
28. Nf4 Qh6 29. h4 Ne4 30. Be1 g5 31. hxg5 Qxg5 32. cxb6 axb6 33. a5 c5 34.
bxc5 bxc5 35. Nxd5 Rxd5 36. Qxe4 cxd4 37. Rd3 Qf5 38. Qxf5 Rxf5 39. Rb1 Rd5 40.
Rb7 Rad8 41. Bd2 Kg7 42. a6 Bc5 43. Bf4 Ra8 44. Rb5 Rxa6 45. Kg2 Kg6 46. g4 h5
47. Rh3 Rc6 48. Bd2 Rc8 49. gxh5+ Kh7 50. h6 Rcd8 51. Rf3 Rg8+ 52. Kf1 f5 53.
Rb7+ Kh8 54. Bf4 Bd6 55. Rd7 Rg6 56. Rb3 Bxf4 57. Rxd5 Bxh6 58. Rxf5 Bg7 59.
Rb8+ Kh7 60. Rh5+ Rh6 61. Rxh6+ Kxh6 62. Rb5 Kg6 63. Ke2 Kf6 64. Kd3 Ke6 65.
Ke4 Kd6 66. f4 Bh6 67. Rb6+ Kc5 68. Rxh6 1-0

[Event "16.Open Seefeld"]
[Site "Oesterreich / Seefeld"]
[Date "2005.09.17"]
[Round "1"]
[White "Schett, Franz"]
[Black "Schunk, Thomas"]
[Result "1/2-1/2"]
[WhiteElo "1997"]
[BlackElo "2315"]
[PlyCount "135"]
[EventDate "2005.09.17"]

1. e4 e5 2. Nc3 d6 3. d4 Nd7 4. Nge2 Ngf6 5. f4 Be7 6. f5 O-O 7. Ng3 exd4 8.
Qxd4 c6 9. Bf4 d5 10. exd5 Bc5 11. Qd2 Re8+ 12. Be2 cxd5 13. O-O-O Nb6 14. Nb5
Bd7 15. Nc7 Qxc7 16. Bxc7 Be3 17. Qxe3 Rxe3 18. Bf4 Ree8 19. b3 Rac8 20. Kb2
Bc6 21. Rd4 Nbd7 22. Bg5 h6 23. Bf4 Nc5 24. Rg1 Nce4 25. Nxe4 Rxe4 26. Rxe4
dxe4 27. g4 Nd5 28. Be5 b5 29. a3 a6 30. h4 Re8 31. Bd6 Rd8 32. Be5 f6 33. Bh2
Ne7 34. Rd1 Rxd1 35. Bxd1 Nd5 36. Be2 h5 37. g5 Ne3 38. gxf6 gxf6 39. Bxh5 Nxf5
40. c4 Nxh4 41. cxb5 Bxb5 42. a4 Bc6 43. Bf4 Ng2 44. Bg3 f5 45. Be2 Bb7 46. Bf1
Ne3 47. Bc4+ Kg7 48. Kc3 Kg6 49. Kd4 Ng4 50. Bf4 Kf6 51. b4 Nf2 52. b5 axb5 53.
axb5 Nh3 54. Ke3 Ng5 55. b6 Nf3 56. Bc7 Ne5 57. Bd8+ Kg6 58. Bb5 Kf7 59. Kf4
Ke6 60. Bc7 Ng6+ 61. Kg5 Ne7 62. Bc4+ Kd7 63. Bb5+ Bc6 64. Ba6 Nd5 65. Kxf5
Nxc7 66. bxc7 Kxc7 67. Kf4 Kd6 68. Ke3 1/2-1/2

[Event "16.Open Seefeld"]
[Site "Oesterreich / Seefeld"]
[Date "2005.09.17"]
[Round "1"]
[White "Pilz, Dieter"]
[Black "Ruprich, Udo"]
[Result "1-0"]
[WhiteElo "2303"]
[BlackElo "1995"]
[PlyCount "75"]
[EventDate "2005.09.17"]

1. e4 c5 2. Nf3 d6 3. Bb5+ Bd7 4. Bxd7+ Nxd7 5. O-O g6 6. c3 Bg7 7. d4 Qc7 8.
Qe2 e6 9. Bf4 Ne7 10. Na3 a6 11. Nc4 e5 12. dxe5 dxe5 13. Rad1 O-O 14. Bg5 f6
15. Bc1 Rad8 16. a4 Nc6 17. h3 Nb6 18. Nxb6 Qxb6 19. Qc4+ Rf7 20. Be3 Bf8 21.
b4 Kg7 22. bxc5 Qc7 23. Rd5 Rfd7 24. Rfd1 Ne7 25. g4 Nxd5 26. exd5 Rc8 27. g5
Bxc5 28. gxf6+ Kh8 29. d6 Bxd6 30. Qe6 Rcd8 31. Bh6 Bf8 32. Rxd7 Qxd7 33. Qxd7
Rxd7 34. Bxf8 Kg8 35. Be7 h6 36. Nxe5 Rd1+ 37. Kg2 Re1 38. f7+ 1-0

[Event "16.Open Seefeld"]
[Site "Oesterreich / Seefeld"]
[Date "2005.09.17"]
[Round "1"]
[White "Scholz, Herbert"]
[Black "Kesik, Klaus-Dieter"]
[Result "0-1"]
[WhiteElo "1994"]
[BlackElo "2266"]
[PlyCount "72"]
[EventDate "2005.09.17"]

1. d4 Nf6 2. Bg5 Ne4 3. Bf4 e6 4. f3 Bd6 5. Bxd6 Nxd6 6. e4 O-O 7. h4 f5 8. e5
Nf7 9. f4 d6 10. Nf3 c5 11. c3 Qb6 12. Qb3 Qxb3 13. axb3 cxd4 14. cxd4 d5 15.
Bb5 Bd7 16. Nc3 Rc8 17. Kd2 Rxc3 18. Bxd7 Rxf3 19. Bxe6 Rxf4 20. Kc3 Na6 21. b4
Nc7 22. Bd7 Nd8 23. b5 Nce6 24. Ra4 Nc5 25. dxc5 Rxa4 26. b4 a5 27. Rb1 Rxb4
28. Rxb4 axb4+ 29. Kxb4 Kf7 30. Bxf5 g6 31. Bh3 Ne6 32. g3 Ra2 33. Kb3 Rh2 34.
Bxe6+ Kxe6 35. c6 bxc6 36. bxc6 Rf2 0-1

[Event "16.Open Seefeld"]
[Site "Oesterreich / Seefeld"]
[Date "2005.09.17"]
[Round "1"]
[White "Tscharotschkin, Michael"]
[Black "Borries, Barbara"]
[Result "1-0"]
[WhiteElo "2243"]
[BlackElo "1975"]
[PlyCount "61"]
[EventDate "2005.09.17"]

1. e4 e6 2. Nf3 d5 3. e5 c5 4. b4 cxb4 5. a3 bxa3 6. Nxa3 Bd7 7. c3 a6 8. d4
Qc7 9. Bd2 f5 10. Bd3 g6 11. O-O Nh6 12. c4 Nf7 13. cxd5 exd5 14. e6 Bxe6 15.
Nb5 Qc8 16. Bf4 Ke7 17. Nc7 Nc6 18. Re1 Nfd8 19. Nxd5+ Kf7 20. Nb6 Nxd4 21.
Nxc8 Nxf3+ 22. Qxf3 Rxc8 23. Be5 Bg7 24. Bxg7 Kxg7 25. Rac1 Rxc1 26. Rxc1 Re8
27. Rc7+ Bf7 28. h4 Kg8 29. Bc4 Bxc4 30. Rxc4 Nc6 31. Qd5+ 1-0

[Event "16.Open Seefeld"]
[Site "Oesterreich / Seefeld"]
[Date "2005.09.17"]
[Round "1"]
[White "Solaroli, Riccardo"]
[Black "Kyas, Juergen"]
[Result "0-1"]
[WhiteElo "1975"]
[BlackElo "2240"]
[PlyCount "68"]
[EventDate "2005.09.17"]

1. e4 c5 2. c3 d5 3. exd5 Qxd5 4. d4 e6 5. Nf3 Nf6 6. Na3 Be7 7. Bd3 cxd4 8.
Nb5 Na6 9. cxd4 O-O 10. O-O Bd7 11. Nc3 Qd6 12. Ne5 Rfd8 13. Bf4 Bc6 14. Ng6
Qd7 15. Nxe7+ Qxe7 16. Bg5 Nb4 17. Bc4 Rd7 18. a3 Nbd5 19. Ne4 Nb6 20. Nxf6+
gxf6 21. Bh6 Kh8 22. Ba2 Rg8 23. g3 Qd6 24. Qc2 Rg6 25. Be3 Nd5 26. Rae1 Nxe3
27. Rxe3 Qxd4 28. Rfe1 Kg7 29. Qe2 Qh4 30. f3 Qd4 31. Kf1 Rg5 32. Kg2 h5 33.
Bb1 Bb5 34. Qc2 f5 0-1

[Event "16.Open Seefeld"]
[Site "Oesterreich / Seefeld"]
[Date "2005.09.17"]
[Round "1"]
[White "Wiesinger, Robert"]
[Black "Russ, Colin"]
[Result "1-0"]
[WhiteElo "2235"]
[BlackElo "1964"]
[PlyCount "45"]
[EventDate "2005.09.17"]

1. e4 c6 2. d4 d5 3. e5 Bf5 4. Nc3 e6 5. g4 Bg6 6. Nge2 Bb4 7. h4 Be4 8. Rh3 h6
9. a3 Bxc3+ 10. bxc3 Nd7 11. Ng3 Bg6 12. Bd3 Bxd3 13. Qxd3 g6 14. f4 Qa5 15. h5
O-O-O 16. hxg6 fxg6 17. f5 exf5 18. gxf5 Ne7 19. f6 Nf5 20. Nxf5 gxf5 21. Qxf5
Kb8 22. f7 Nf8 23. e6 1-0

[Event "16.Open Seefeld"]
[Site "Oesterreich / Seefeld"]
[Date "2005.09.17"]
[Round "1"]
[White "Wiesbeck, Florian"]
[Black "Stabolewski, Andreas"]
[Result "1/2-1/2"]
[WhiteElo "1964"]
[BlackElo "2225"]
[PlyCount "70"]
[EventDate "2005.09.17"]

1. d4 c5 2. Nf3 cxd4 3. Nxd4 Nf6 4. e3 a6 5. c4 e6 6. Nc3 Bb4 7. Qc2 O-O 8. Bd3
Qc7 9. Bd2 Nc6 10. Nf3 b6 11. O-O Bb7 12. Rfe1 Ne5 13. Nxe5 Qxe5 14. Ne4 Bxd2
15. Nxf6+ Qxf6 16. Qxd2 Rfd8 17. Qb4 Rab8 18. Red1 d5 19. b3 dxc4 20. Bxc4 b5
21. Bf1 Bd5 22. Qd4 e5 23. Qb2 Rd6 24. Rd2 Rbd8 25. Rad1 Be4 26. Rxd6 Rxd6 27.
Rxd6 Qxd6 28. Be2 f6 29. a3 Qc6 30. f3 Qc2 31. Qxc2 Bxc2 32. b4 Kf7 33. Kf2 Ke6
34. e4 g5 35. g3 h6 1/2-1/2

[Event "16.Open Seefeld"]
[Site "Oesterreich / Seefeld"]
[Date "2005.09.17"]
[Round "1"]
[White "Sailer, Douglas"]
[Black "Ranker, Klemens"]
[Result "1-0"]
[WhiteElo "2224"]
[BlackElo "1955"]
[PlyCount "75"]
[EventDate "2005.09.17"]

1. d4 Nf6 2. Nf3 g6 3. g3 Bg7 4. Bg2 O-O 5. O-O d5 6. c4 dxc4 7. Na3 c6 8. Nxc4
Be6 9. b3 Na6 10. Bb2 Nc7 11. Nfe5 Nd7 12. Qc2 Nxe5 13. Nxe5 Qc8 14. e4 Bh3 15.
Bxh3 Qxh3 16. d5 Rac8 17. dxc6 Ne6 18. Qe2 bxc6 19. Rfd1 Ng5 20. f4 Ne6 21.
Rac1 c5 22. Qg2 Qxg2+ 23. Kxg2 Rfd8 24. Nc4 Nd4 25. Rd3 Ne2 26. Rxd8+ Rxd8 27.
Rc2 Nd4 28. Rd2 Rb8 29. e5 Nc6 30. Ba3 Nb4 31. Bxb4 cxb4 32. Rd7 a5 33. Rxe7
Bf8 34. Ra7 Rb5 35. Rxa5 Rb7 36. Ra6 Bc5 37. Nd6 Rc7 38. Ra8+ 1-0

[Event "16.Open Seefeld"]
[Site "Oesterreich / Seefeld"]
[Date "2005.09.17"]
[Round "1"]
[White "Strasser, Josef (D)"]
[Black "Lagrotteria, Salvatore"]
[Result "0-1"]
[WhiteElo "1940"]
[BlackElo "2214"]
[PlyCount "82"]
[EventDate "2005.09.17"]

1. e4 c5 2. Nf3 d6 3. Bb5+ Nd7 4. O-O Ngf6 5. Re1 g6 6. c3 a6 7. Ba4 b5 8. Bc2
Bg7 9. d4 cxd4 10. cxd4 O-O 11. Bf4 Bb7 12. Nbd2 Ne8 13. Rb1 e5 14. dxe5 dxe5
15. Bg5 f6 16. Be3 Qe7 17. Nb3 Rd8 18. Nfd2 Nc7 19. Qe2 Ba8 20. Rbc1 Ne6 21.
Bb1 Rc8 22. Qf1 Rxc1 23. Rxc1 f5 24. f3 fxe4 25. Bxe4 Nd4 26. Qd3 Qd6 27. Nxd4
exd4 28. Nb3 Bxe4 29. fxe4 Ne5 30. Qd1 Nc6 31. Bf2 Be5 32. g3 Bg7 33. Nc5 Ne5
34. Qb3+ Nc4 35. Nd3 Kh8 36. Qd1 Bh6 37. Rc2 Be3 38. b3 Bxf2+ 39. Rxf2 Rxf2 40.
Nxf2 Ne3 41. Ng4 Nxd1 0-1

[Event "16.Open Seefeld"]
[Site "Oesterreich / Seefeld"]
[Date "2005.09.17"]
[Round "1"]
[White "Ballon, Guenther-Jan"]
[Black "Auschkalnis, Reinhard"]
[Result "1-0"]
[WhiteElo "2213"]
[BlackElo "1924"]
[PlyCount "67"]
[EventDate "2005.09.17"]

1. d4 f5 2. e4 fxe4 3. Nc3 Nf6 4. Bg5 Nc6 5. d5 Ne5 6. Qd4 Nf7 7. Bxf6 exf6 8.
Nxe4 Bd6 9. Nxd6+ Nxd6 10. O-O-O O-O 11. Bd3 f5 12. f4 Qf6 13. Nf3 Qxd4 14.
Nxd4 c5 15. dxc6 bxc6 16. Rhe1 Bb7 17. Nb3 Rad8 18. Nc5 Bc8 19. Ba6 Ne4 20.
Nxe4 Bxa6 21. Nd6 Rf6 22. Re5 g6 23. c4 Rxd6 24. Rxd6 Bxc4 25. Re7 Bxa2 26.
Rdxd7 Rxd7 27. Rxd7 a6 28. Kc2 Bc4 29. Kc3 Be6 30. Ra7 Bd5 31. g3 h6 32. h4 a5
33. Kd4 Bf3 34. Ke5 1-0

[Event "16.Open Seefeld"]
[Site "Oesterreich / Seefeld"]
[Date "2005.09.17"]
[Round "1"]
[White "Strasser, Josef (A)"]
[Black "Ermel, Dirk"]
[Result "1/2-1/2"]
[WhiteElo "1917"]
[BlackElo "2208"]
[PlyCount "114"]
[EventDate "2005.09.17"]

1. d4 c5 2. d5 e5 3. e4 d6 4. Bb5+ Bd7 5. Bxd7+ Nxd7 6. Ne2 Be7 7. c4 Bg5 8.
Nd2 Ngf6 9. f3 a6 10. Nb3 Bxc1 11. Nbxc1 b5 12. b3 bxc4 13. bxc4 Qa5+ 14. Kf2
Nb6 15. Nb3 Qa4 16. Nd2 Rb8 17. Qxa4+ Nxa4 18. Rab1 Ke7 19. Rxb8 Rxb8 20. Rb1
Rxb1 21. Nxb1 Nd7 22. Ng3 g6 23. Nf1 Nb2 24. Ne3 Nb6 25. Na3 Nd3+ 26. Kg3 Nc1
27. f4 exf4+ 28. Kxf4 Nd7 29. h4 Nxa2 30. h5 Ne5 31. hxg6 fxg6 32. Kg5 Nf7+ 33.
Kf4 h5 34. Nb1 Kf6 35. Nd2 Nc1 36. g4 h4 37. g5+ Nxg5 38. Ng4+ Kf7 39. Kxg5 h3
40. Kh4 a5 41. Kxh3 a4 42. Nb1 Nd3 43. Kg3 g5 44. Ne3 Kf6 45. Ng4+ Kf7 46. Kf3
Ne1+ 47. Ke2 Nc2 48. e5 dxe5 49. Nxe5+ Ke7 50. Nd3 a3 51. Nc3 Nd4+ 52. Ke3 Nf5+
53. Kf3 g4+ 54. Kxg4 Ne3+ 55. Kf4 Nxc4 56. Nxc5 a2 57. Nxa2 Kd6 1/2-1/2

[Event "16.Open Seefeld"]
[Site "Oesterreich / Seefeld"]
[Date "2005.09.17"]
[Round "1"]
[White "Keller, Manfred"]
[Black "Wawrinsky, Ludwig"]
[Result "1/2-1/2"]
[WhiteElo "2184"]
[BlackElo "1916"]
[PlyCount "76"]
[EventDate "2005.09.17"]

1. d4 Nf6 2. Nc3 e6 3. e4 Bb4 4. e5 Ne4 5. Qg4 Nxc3 6. a3 Bf8 7. Bg5 h5 8. Qh4
Be7 9. Bxe7 Qxe7 10. Qxe7+ Kxe7 11. bxc3 b6 12. Bd3 Bb7 13. Ne2 d6 14. f4 Nd7
15. O-O h4 16. f5 dxe5 17. fxe6 fxe6 18. dxe5 Raf8 19. Nf4 Nxe5 20. Rae1 Kd6
21. Rxe5 Rxf4 22. Rxe6+ Kxe6 23. Rxf4 g5 24. Bc4+ Kd6 25. Rg4 h3 26. gxh3 Rxh3
27. Bd3 Rh5 28. Bg6 Rh3 29. Rxg5 Rxc3 30. Rg3 Rxg3+ 31. hxg3 Bf3 32. Kf2 Bg4
33. Ke3 Ke5 34. Be4 c5 35. c3 a5 36. Bc6 Be6 37. Bb5 Bg4 38. Bd3 Bd7 1/2-1/2

[Event "16.Open Seefeld"]
[Site "Oesterreich / Seefeld"]
[Date "2005.09.17"]
[Round "1"]
[White "Platzgummer, Peter"]
[Black "Meschke, Andreas"]
[Result "0-1"]
[WhiteElo "1911"]
[BlackElo "2154"]
[PlyCount "42"]
[EventDate "2005.09.17"]

1. e4 e5 2. Nf3 Nc6 3. d4 exd4 4. Nxd4 Bc5 5. Be3 Qf6 6. c3 Nge7 7. Nf5 Nxf5 8.
Bxc5 d6 9. Ba3 Nh4 10. f3 O-O 11. Nd2 Re8 12. Qb3 Rb8 13. Kf2 b5 14. Qd5 Ne5
15. Be2 c5 16. Bxc5 dxc5 17. Qxc5 Qg5 18. Qd6 Rb6 19. Qc7 Qxd2 20. Rhd1 Qf4 21.
Qxa7 Ng4+ 0-1

[Event "16.Open Seefeld"]
[Site "Oesterreich / Seefeld"]
[Date "2005.09.17"]
[Round "1"]
[White "Voss, Ingo"]
[Black "Fournell, Udo"]
[Result "1/2-1/2"]
[WhiteElo "2149"]
[BlackElo "1891"]
[PlyCount "29"]
[EventDate "2005.09.17"]

1. e4 c5 2. Nc3 Nc6 3. f4 g6 4. Nf3 Bg7 5. Bc4 e6 6. d3 Nge7 7. e5 O-O 8. Ne4
Nf5 9. c3 d5 10. exd6 Nxd6 11. Nxc5 Nxc4 12. dxc4 Qxd1+ 13. Kxd1 Na5 14. Kc2 b6
15. Ne4 1/2-1/2

[Event "16.Open Seefeld"]
[Site "Oesterreich / Seefeld"]
[Date "2005.09.17"]
[Round "1"]
[White "Brett, Digby"]
[Black "Mertens, Klaus"]
[Result "0-1"]
[WhiteElo "1869"]
[BlackElo "2144"]
[PlyCount "52"]
[EventDate "2005.09.17"]

1. e4 c5 2. Nf3 e6 3. d4 cxd4 4. Nxd4 a6 5. Nc3 Qc7 6. Bd3 Nc6 7. Nxc6 dxc6 8.
O-O e5 9. f4 Nf6 10. f5 Bc5+ 11. Kh1 h5 12. Be2 Bd7 13. Bf3 O-O-O 14. Qe2 Rdg8
15. Bg5 Ng4 16. Bxg4 hxg4 17. Qxg4 g6 18. Qe2 gxf5 19. Be3 Bxe3 20. Qxe3 f4 21.
Qf2 Rg5 22. Rad1 Rgh5 23. g3 Bh3 24. Rg1 Bg4 25. Rd2 Rxh2+ 26. Qxh2 Bf3+ 0-1

[Event "16.Open Seefeld"]
[Site "Oesterreich / Seefeld"]
[Date "2005.09.17"]
[Round "1"]
[White "Mueller, Norbert"]
[Black "Duric, Rajko"]
[Result "1-0"]
[WhiteElo "2138"]
[BlackElo "1867"]
[PlyCount "71"]
[EventDate "2005.09.17"]

1. d4 d6 2. c4 g6 3. Nc3 Bg7 4. e4 c6 5. Be3 Nf6 6. f3 O-O 7. Qd2 Nbd7 8. Nge2
e5 9. O-O-O Qa5 10. Kb1 b5 11. cxb5 cxb5 12. Nc1 a6 13. Nb3 Qc7 14. Rc1 Qb8 15.
Be2 Bb7 16. dxe5 dxe5 17. Rhd1 Rd8 18. Na5 Rc8 19. Nd5 Bxd5 20. exd5 Rxc1+ 21.
Qxc1 Qf8 22. d6 Rc8 23. Qd2 e4 24. f4 Ne8 25. g4 Nef6 26. g5 Ne8 27. Qd5 Kh8
28. Qb7 Rd8 29. Nc6 Nxd6 30. Qc7 Nf5 31. Qxd8 Nxe3 32. Rxd7 Nf5 33. Qc7 Qc5 34.
Rd8+ Bf8 35. Qxf7 Qg1+ 36. Bd1 1-0

[Event "16.Open Seefeld"]
[Site "Oesterreich / Seefeld"]
[Date "2005.09.17"]
[Round "1"]
[White "Gestrich, Wolfgang"]
[Black "Thoeny, Hermann"]
[Result "0-1"]
[WhiteElo "1767"]
[BlackElo "2136"]
[PlyCount "72"]
[EventDate "2005.09.17"]

1. c4 c6 2. Nc3 d5 3. cxd5 cxd5 4. d4 Nf6 5. g3 Nc6 6. Bg2 a6 7. a3 e6 8. b4 b5
9. h3 Bb7 10. e3 Bd6 11. Bd2 O-O 12. Nf3 Qe7 13. Qb1 Rac8 14. O-O Rfd8 15. h4
Nb8 16. Bh3 Nbd7 17. Re1 h6 18. Ra2 Nb6 19. Rc1 Nc4 20. Be1 Rc7 21. Nd2 Nxd2
22. Bxd2 Rdc8 23. Rac2 Rc4 24. Bf1 R4c6 25. Bh3 Qc7 26. Bg2 Rc4 27. Qb3 Ng4 28.
f4 Be7 29. Bf3 h5 30. Kg2 Nf6 31. Be2 Ne4 32. Be1 g6 33. Bxc4 dxc4 34. d5 cxb3
35. Nxb5 Qxc2+ 36. Rxc2 Rxc2+ 0-1